[Event "21st Delhi Open 2025"]
[Site "New Delhi IND"]
[Date "2025.06.13"]
[Round "9.5"]
[White "Sivuk, Vitaly"]
[Black "Nitin, S."]
[Result "1/2-1/2"]
[WhiteTitle "GM"]
[BlackTitle "IM"]
[WhiteElo "2522"]
[BlackElo "2312"]
[WhiteFideId "14116502"]
[BlackFideId "5018277"]
[EventDate "2025.06.07"]

1. d4 Nf6 2. c4 g6 3. Nc3 Bg7 4. e4 d6 5. Be2 O-O 6. Be3 e5 7. d5 Na6 8. h3 c6
9. Nf3 Nh5 10. O-O Nf4 11. Re1 Nxe2+ 12. Qxe2 c5 13. Nd2 f5 14. exf5 gxf5 15. f4
e4 16. a3 Bd7 17. Nf1 Qh4 18. Kh2 Kh8 19. g3 Qh6 20. Bd2 Bd4 21. Ne3 Rg8 22. Rg1
Nc7 23. Ncd1 Qf6 24. a4 Rg6 25. Bc3 Rag8 26. Qf2 R8g7 27. Ra3 Na6 28. Qd2 Nb4
29. Nf2 a5 30. Raa1 Kg8 31. Rad1 Bxa4 32. Ra1 Bd7 33. Rxa5 h5 34. Ra8+ Kh7 35.
h4 Rg8 36. Ra7 Rb8 37. Nh3 Nd3 38. Ng5+ Kh6 39. Rb1 Rg7 40. Nc2 Re7 41. Ne3 Rg7
42. Nc2 Re7 1/2-1/2

[Event "21st Delhi Open 2025"]
[Site "New Delhi IND"]
[Date "2025.06.13"]
[Round "9.6"]
[White "Aronyak, Ghosh"]
[Black "Sharnarthi Viresh"]
[Result "1-0"]
[WhiteTitle "IM"]
[WhiteElo "2510"]
[BlackElo "2236"]
[WhiteFideId "25072846"]
[BlackFideId "25978055"]
[EventDate "2025.06.07"]

1. d4 Nf6 2. c4 g6 3. g3 Bg7 4. Bg2 O-O 5. Nf3 d6 6. Nc3 Nc6 7. Bf4 Bg4 8. d5
Bxf3 9. exf3 e5 10. dxe6 fxe6 11. O-O Nd7 12. Bd2 Nb6 13. b3 d5 14. cxd5 exd5
15. f4 Ne7 16. h4 h5 17. Re1 Nf5 18. Bh3 Qd7 19. Kh2 Qf7 20. Rc1 c6 21. Ne2 Rfe8
22. Ng1 Rxe1 23. Bxe1 Nd6 24. Nf3 Ne4 25. Rc2 Nc8 26. Ne5 Qf6 27. f3 Ned6 28.
Bc3 Nf5 29. Nxc6 d4 30. Bxd4 Qd6 31. Bxf5 Bxd4 32. Qxd4 gxf5 33. Qxd6 Nxd6 34.
Rd2 bxc6 35. Rxd6 Re8 36. Rxc6 Re2+ 37. Kh3 Rxa2 38. Rc5 Ra3 39. Rxf5 Rxb3 40.
Rxh5 Rxf3 41. Ra5 1-0

[Event "21st Delhi Open 2025"]
[Site "New Delhi IND"]
[Date "2025.06.13"]
[Round "9.7"]
[White "Aleksandrov, Aleksej"]
[Black "Samant, Aditya S"]
[Result "0-1"]
[WhiteTitle "GM"]
[BlackTitle "GM"]
[WhiteElo "2370"]
[BlackElo "2498"]
[WhiteFideId "13500139"]
[BlackFideId "35080580"]
[EventDate "2025.06.07"]

1. d4 Nf6 2. c4 e6 3. Nc3 Bb4 4. Nf3 b6 5. e3 O-O 6. Bd3 Bb7 7. O-O c5 8. Na4
cxd4 9. a3 Be7 10. exd4 Bxf3 11. Qxf3 Nc6 12. Be3 d5 13. Rad1 e5 14. Bb1 Rc8 15.
Bf5 Rc7 16. cxd5 Qxd5 17. Qg3 Qb3 18. Nc3 Bd6 19. Bh6 Ne8 20. Qh3 gxh6 21. Qxh6
f6 22. Be4 Rff7 23. dxe5 Bxe5 24. Bd5 Qxb2 25. Ne4 Qxa3 26. f4 Bd4+ 27. Kh1 Qf8
28. Qh5 f5 29. Qxf5 Kh8 30. Qe6 Rfe7 31. Qh3 Nf6 32. Qf5 Qc8 33. Qxc8+ Rxc8 34.
Nd6 Nxd5 35. Nxc8 Rc7 36. Nxa7 Rxa7 37. Rc1 Bc5 38. g3 Ne3 39. Rf2 Kg7 40. Re2
Nb4 41. Rxc5 bxc5 42. Rxe3 c4 43. Kg2 Rc7 44. Rc3 Na2 0-1

[Event "21st Delhi Open 2025"]
[Site "New Delhi IND"]
[Date "2025.06.13"]
[Round "9.8"]
[White "Karthik, Venkataraman"]
[Black "Shahil, Dey"]
[Result "1-0"]
[WhiteTitle "GM"]
[BlackTitle "IM"]
[WhiteElo "2550"]
[BlackElo "2366"]
[WhiteFideId "25006479"]
[BlackFideId "35062352"]
[EventDate "2025.06.07"]

1. e4 e5 2. Nf3 Nc6 3. Bb5 a6 4. Ba4 Nf6 5. O-O d6 6. Re1 Bd7 7. c3 g6 8. d4 Bg7
9. h3 O-O 10. Bc2 Nh5 11. Be3 Qe8 12. Nbd2 Kh8 13. a4 a5 14. Nc4 b6 15. Rb1 f5
16. exf5 gxf5 17. dxe5 Be6 18. Qe2 d5 19. Na3 f4 20. Bd2 Bh6 21. c4 dxc4 22. Be4
Rg8 23. Kh2 Rd8 24. Nb5 Rg7 25. Rbd1 Nb4 26. Bxb4 Rxd1 27. Rxd1 axb4 28. Nbd4
Bg8 29. Nf5 Rg6 30. N3h4 Re6 31. Qg4 Bf8 32. Bd5 Ng7 33. Bxe6 Nxe6 34. Nf3 Qg6
35. N5d4 Qxg4 36. hxg4 Nc5 37. Re1 Nd3 38. Re2 Nc1 39. Re4 Bd5 40. Rxf4 Bc5 41.
Rf5 Be4 42. Rf7 c3 43. bxc3 bxc3 44. e6 Bg6 45. Rd7 Kg8 46. Nf5 Kf8 47. Rd8+ Be8
48. Ng5 Bd6+ 49. g3 Be7 50. Nxh7+ Kg8 51. Rxe8+ 1-0

[Event "21st Delhi Open 2025"]
[Site "New Delhi IND"]
[Date "2025.06.13"]
[Round "9.9"]
[White "Manish Anto, Cristiano F"]
[Black "Paichadze, Luka"]
[Result "0-1"]
[WhiteTitle "IM"]
[BlackTitle "GM"]
[WhiteElo "2365"]
[BlackElo "2529"]
[WhiteFideId "25095927"]
[BlackFideId "13602934"]
[EventDate "2025.06.07"]

1. e4 c6 2. d4 d5 3. e5 Bf5 4. Nf3 e6 5. Be2 c5 6. c3 Nc6 7. O-O a6 8. Be3 cxd4
9. Nxd4 Nge7 10. f4 Rc8 11. Nxf5 Nxf5 12. Bf2 Nb8 13. Bd3 g6 14. Nd2 Bc5 15.
Bxf5 gxf5 16. Bxc5 Rxc5 17. Qh5 Nc6 18. Nf3 h6 19. Ng5 Qe7 20. Rad1 Rc4 21. Rde1
Nd8 22. Rf3 Qf8 23. Nh3 Nc6 24. Nf2 Qc5 25. Kh1 d4 26. g4 dxc3 27. bxc3 Qd5 28.
gxf5 Rxf4 29. Re3 Rxf5 30. c4 Qxc4 31. Qh3 Qc1+ 32. Kg2 Rg5+ 33. Ng4 Rhg8 34.
Rg3 Rxg4 35. Rxg4 Rxg4+ 36. Qxg4 Qxe3 37. Qg8+ Ke7 38. Qc8 Qe4+ 39. Kf2 Nxe5 40.
Qc7+ Kf6 41. Qd8+ Kg7 0-1

[Event "21st Delhi Open 2025"]
[Site "New Delhi IND"]
[Date "2025.06.13"]
[Round "9.10"]
[White "Sriram Adarsh Uppala"]
[Black "Samyak Dharewa"]
[Result "1-0"]
[WhiteElo "2460"]
[BlackElo "2339"]
[WhiteFideId "33319782"]
[BlackFideId "25607103"]
[EventDate "2025.06.07"]

1. d4 Nf6 2. c4 e6 3. g3 d5 4. Bg2 Be7 5. Nf3 O-O 6. O-O c6 7. Qc2 b6 8. Rd1
Nbd7 9. b3 Ba6 10. Nbd2 c5 11. e4 dxc4 12. e5 Nd5 13. bxc4 Nb4 14. Qe4 cxd4 15.
Nxd4 Rc8 16. Ba3 Qc7 17. Qb1 Nc6 18. Bd6 Bxd6 19. exd6 Qxd6 20. Nxc6 Rxc6 21.
Nf3 Qc7 22. Rxd7 Qxd7 23. Ne5 Qc7 24. Nxc6 Bb7 25. Qb5 a6 26. Qe5 Rc8 27. Rd1
Qxe5 28. Nxe5 Bxg2 29. Kxg2 f6 30. Nd7 Rxc4 31. Nxb6 Rb4 32. Rd6 e5 33. a3 Rb3
34. Nc4 Rc3 35. Rc6 h5 36. a4 e4 37. Na5 Ra3 38. Rc4 f5 39. Nc6 Kf7 40. Nd4 Kf6
41. Nc2 Ra2 42. Ne3 h4 43. Rc6+ Kf7 44. Nxf5 hxg3 45. hxg3 Rxa4 46. g4 g6 47.
Ne3 a5 48. g5 Rb4 49. Kg3 a4 50. Ra6 Kg7 51. Ra7+ Kg8 52. Kf4 Kf8 53. Nd5 Rb2
54. Ke3 Ra2 55. Nf4 a3 56. Nxg6+ Kg8 57. Nf4 Ra1 58. Nd5 1-0

[Event "21st Delhi Open 2025"]
[Site "New Delhi IND"]
[Date "2025.06.13"]
[Round "9.11"]
[White "Savchenko, Boris"]
[Black "Tologon tegin, Semetei"]
[Result "0-1"]
[WhiteTitle "GM"]
[BlackTitle "IM"]
[WhiteElo "2456"]
[BlackElo "2322"]
[WhiteFideId "4147332"]
[BlackFideId "13800574"]
[EventDate "2025.06.07"]

1. e4 d6 2. d4 Nf6 3. f3 e5 4. d5 c6 5. c4 Be7 6. Nc3 O-O 7. g3 Na6 8. Be3 Bd7
9. Qd2 Rc8 10. Nh3 cxd5 11. cxd5 Nc5 12. Nb1 Ne8 13. Nf2 f5 14. exf5 Bxf5 15.
Be2 Na4 16. Na3 Nf6 17. Bxa7 Nxb2 18. O-O Na4 19. Be3 Rc3 20. Nb5 Rc2 21. Qe1
Nb6 22. Bd1 Rc8 23. Bb3 Nc4 24. Rc1 Nxe3 25. Qxe3 Qa5 26. Nd4 exd4 27. Qxe7 Qb6
28. g4 Rfe8 29. gxf5 Rxc1 30. Qxe8+ Nxe8 31. Rxc1 Nf6 32. Kg2 Qa5 33. Rc8+ Kf7
34. Rc2 g6 35. fxg6+ Kxg6 36. Nd3 Kh6 37. Kf2 Nxd5 38. Bxd5 Qxd5 39. Rd2 Qh5 40.
Ke1 Qxf3 41. Nf2 Qe3+ 42. Kd1 Kg6 43. Nd3 Qf3+ 44. Kc2 h5 45. Nc1 Qe4+ 46. Kb2
Qe3 47. Kc2 Qc3+ 48. Kd1 Kf5 49. Rd3 Qb2 50. Rd2 Qa1 51. Rd3 Qb2 52. Rd2 Qc3 53.
Rd3 Qc4 54. Kd2 Ke4 55. Rh3 Qb4+ 56. Kd1 Qa4+ 57. Kd2 Qa5+ 58. Kc2 Qc5+ 59. Kb1
Qf5 60. Rb3 b5 61. h3 Qf1 62. Kc2 d3+ 0-1

[Event "21st Delhi Open 2025"]
[Site "New Delhi IND"]
[Date "2025.06.13"]
[Round "9.12"]
[White "Gochelashvili, David"]
[Black "Deepan, Chakkravarthy J."]
[Result "1/2-1/2"]
[WhiteTitle "IM"]
[BlackTitle "GM"]
[WhiteElo "2303"]
[BlackElo "2410"]
[WhiteFideId "4161203"]
[BlackFideId "5011132"]
[EventDate "2025.06.07"]

1. e4 c5 2. c3 d5 3. exd5 Qxd5 4. d4 Nf6 5. Nf3 Bf5 6. Be3 Nc6 7. Na3 cxd4 8.
Bc4 Qa5 9. Nxd4 Nxd4 10. Bxd4 e5 11. Bb5+ Bd7 12. Bxd7+ Nxd7 13. Nc4 Qd5 14. Qe2
f6 15. f4 b5 16. Ne3 Qe4 17. O-O-O O-O-O 18. Qxb5 exd4 19. Nd5 Qe6 20. Rxd4 Bc5
21. Rhd1 Bxd4 22. Rxd4 Nb6 23. Qc5+ Kb7 24. Qc7+ Ka6 25. Nb4+ Kb5 26. Rxd8 Rxd8
27. Qxd8 Qe3+ 28. Qd2 Qxd2+ 29. Kxd2 Nc4+ 30. Kd3 Nxb2+ 31. Kd4 Na4 32. Nd5 Kc6
33. Ne7+ Kd7 34. Nf5 g6 35. Ne3 Kd6 36. Ng4 Ke6 37. g3 Nb6 38. c4 Nd7 39. c5 Nb8
40. Ne3 Nc6+ 41. Kc4 a6 42. Nc2 Na5+ 43. Kc3 Kd5 44. Nb4+ Kxc5 45. Nxa6+ Kd5 46.
Nc7+ Ke4 47. Ne6 Kf3 48. Nf8 h5 49. Nxg6 Kg2 50. Kb4 Nb7 51. h4 Kxg3 52. a4 Kg4
53. a5 Nxa5 54. Kxa5 Kf5 55. Ne7+ Kxf4 56. Kb4 1/2-1/2

[Event "21st Delhi Open 2025"]
[Site "New Delhi IND"]
[Date "2025.06.13"]
[Round "9.13"]
[White "Harsh, Suresh"]
[Black "Manik, Mikulas"]
[Result "1/2-1/2"]
[WhiteTitle "IM"]
[BlackTitle "GM"]
[WhiteElo "2392"]
[BlackElo "2266"]
[WhiteFideId "45018464"]
[BlackFideId "14900734"]
[EventDate "2025.06.07"]

1. e4 e5 2. d4 exd4 3. Qxd4 Nc6 4. Qc4 Nf6 5. Nc3 Bb4 6. Bd2 O-O 7. O-O-O d6 8.
f3 Be6 9. Qe2 Re8 10. Qf2 Qe7 11. g4 Bxc3 12. Bxc3 Bxa2 13. Ne2 d5 14. g5 Nh5
15. Qh4 g6 16. Ng3 d4 17. Nxh5 gxh5 18. Bd2 Qc5 19. Qxh5 a5 20. e5 Nxe5 21. Bf4
Bb3 22. Rd2 Nxf3 23. Bd3 Nxd2 24. Qxh7+ Kf8 25. Qh6+ Ke7 26. Qf6+ Kd7 27. Bf5+
Be6 28. Qxf7+ Re7 29. Bxe6+ Kc6 30. Qg6 Kb5 1/2-1/2

[Event "21st Delhi Open 2025"]
[Site "New Delhi IND"]
[Date "2025.06.13"]
[Round "9.14"]
[White "Bhoir Paras Dilip"]
[Black "Agibileg, Uurtsaikh"]
[Result "1/2-1/2"]
[BlackTitle "IM"]
[WhiteElo "2249"]
[BlackElo "2384"]
[WhiteFideId "25763695"]
[BlackFideId "4901606"]
[EventDate "2025.06.07"]

1. e4 c5 2. Nf3 e6 3. d4 cxd4 4. Nxd4 a6 5. Nc3 Qc7 6. Be3 Bb4 7. Qd3 Nf6 8. Ne2
d5 9. O-O-O dxe4 10. Nxe4 Nd5 11. Bd4 O-O 12. a3 Be7 13. N4c3 Nxc3 14. Qxc3 Qxc3
15. Bxc3 b5 16. Ng3 Bb7 17. Be2 Rc8 18. Nh5 Rxc3 19. bxc3 g6 20. Ng3 Bxg2 21.
Rhg1 Bxa3+ 22. Kb1 Bd5 23. Nh5 Nd7 24. h4 Rc8 25. Rxd5 exd5 26. Bg4 Rc7 27. Bxd7
Kf8 28. Nf6 Be7 29. Nxh7+ Kg7 30. Be8 Rc8 31. Bxf7 Kxf7 32. Ng5+ Kf6 33. Rg3 Kf5
34. Nf3 Kf6 35. Ng5 Kf5 36. Nf3 Bc5 37. Rg5+ Kf6 38. Ne5 Ba7 39. f4 Rxc3 40.
Rxg6+ Kf5 41. Rxa6 Bd4 42. Nd3 Rc7 43. Ra5 Rb7 44. Ka2 Ke4 45. h5 Rc7 46. Nb4
Rc5 47. h6 Kf5 48. h7 Kg6 49. Ra6+ Kxh7 50. Rc6 Rc4 51. Rxc4 dxc4 52. Nd5 Kg6
53. c3 Bg7 1/2-1/2

[Event "21st Delhi Open 2025"]
[Site "New Delhi IND"]
[Date "2025.06.13"]
[Round "9.15"]
[White "Nguyen, Duc Hoa"]
[Black "Arnav, Agrawal"]
[Result "1-0"]
[WhiteTitle "GM"]
[WhiteElo "2378"]
[BlackElo "2096"]
[WhiteFideId "12401358"]
[BlackFideId "48779857"]
[EventDate "2025.06.07"]

1. d4 Nf6 2. c4 g6 3. Nf3 Bg7 4. g3 O-O 5. Bg2 d6 6. O-O Nc6 7. d5 Na5 8. Na3 c5
9. Re1 Rb8 10. e4 Bg4 11. h3 Bxf3 12. Qxf3 Nd7 13. Rb1 a6 14. Qe2 Re8 15. Bd2 e6
16. Qf1 b6 17. b3 Qc7 18. Kh2 Re7 19. f4 exd5 20. exd5 Rbe8 21. Nc2 Nf6 22. Rxe7
Rxe7 23. Qd3 Qc8 24. Bf3 Qe8 25. Re1 Rxe1 26. Bxe1 Nb7 27. Kg2 b5 28. cxb5 axb5
29. a3 Qd7 30. Be2 c4 31. bxc4 Nc5 32. Qd1 bxc4 33. Bxc4 Qf5 34. Qe2 h5 35. Bf2
h4 36. Nd4 Qb1 37. Qc2 Qa1 38. Qa2 Qd1 39. Bb3 Nxb3 40. Qxb3 Qa1 41. Nf3 hxg3
42. Bd4 Qc1 43. Qb8+ Kh7 44. Ng5+ Kh6 45. Nxf7+ Kh5 46. Qb2 Qxf4 47. Qe2+ Kh4
48. Bxf6+ Bxf6 49. Nxd6 Bd8 50. Nf7 Bb6 51. d6 Qd4 52. Qe7+ 1-0

[Event "21st Delhi Open 2025"]
[Site "New Delhi IND"]
[Date "2025.06.13"]
[Round "9.16"]
[White "Ziatdinov, Raset"]
[Black "Pantsulaia, Levan"]
[Result "0-1"]
[WhiteTitle "GM"]
[BlackTitle "GM"]
[WhiteElo "2065"]
[BlackElo "2551"]
[WhiteFideId "2015323"]
[BlackFideId "13602071"]
[EventDate "2025.06.07"]

1. e4 c5 2. Nf3 a6 3. Nc3 e6 4. d4 cxd4 5. Nxd4 b5 6. Bd3 Bb7 7. O-O b4 8. Nce2
Nf6 9. Ng3 h5 10. e5 Ng4 11. Be4 Bxe4 12. Nxe4 Nxe5 13. Bf4 d5 14. Bxe5 dxe4 15.
c3 bxc3 16. bxc3 Bc5 17. Rb1 Nd7 18. Qa4 O-O 19. Nc6 Qg5 20. Qxe4 Nxe5 21. Nxe5
Rad8 22. Rb7 Qd2 23. h4 Qxc3 24. Nd7 Rfe8 25. Qa4 Bd4 26. Qxa6 Qc8 27. Nb6 Qc6
28. Rb1 Bxf2+ 29. Kf1 0-1

[Event "21st Delhi Open 2025"]
[Site "New Delhi IND"]
[Date "2025.06.14"]
[Round "10.2"]
[White "Narayanan S L"]
[Black "Samant Aditya S"]
[Result "1/2-1/2"]
[WhiteTitle "GM"]
[BlackTitle "GM"]
[WhiteElo "2600"]
[BlackElo "2498"]
[EventDate "2025.06.07"]

1. d4 Nf6 2. c4 e6 3. Nf3 d5 4. Nc3 Be7 5. cxd5 exd5 6. h3 c6 7. Bf4 Bf5 8.
g4 Bg6 9. Qb3 Qb6 10. e3 Nbd7 11. Nh4 Nf8 12. Nf5 Ne6 13. Be5 Qxb3 14. axb3
h5 15. Rg1 Ng5 16. Ke2 hxg4 17. hxg4 Nxg4 18. Nxg7+ Kd7 19. Rxg4 f6 20.
Rxg5 fxg5 21. Bg2 Bd6 22. e4 Rh7 23. Bf3 Bxe5 24. Bg4+ Kd6 25. Nf5+ Bxf5
26. Bxf5 Rh4 27. dxe5+ Kxe5 28. Rg1 dxe4 29. Bxe4 Rxe4+ 30. Nxe4 Kxe4
1/2-1/2

[Event "21st Delhi Open 2025"]
[Site "New Delhi IND"]
[Date "2025.06.14"]
[Round "10.3"]
[White "Ghosh, Diptayan"]
[Black "Sriram Adarsh Uppala"]
[Result "1-0"]
[WhiteTitle "GM"]
[WhiteElo "2573"]
[BlackElo "2460"]
[EventDate "2025.06.07"]

1. d4 d5 2. Nf3 Nf6 3. e3 c5 4. Nbd2 cxd4 5. exd4 Qc7 6. c3 Nc6 7. Be2 Bg4
8. h3 Bh5 9. O-O e6 10. Ne5 Nxe5 11. Bxh5 Nd3 12. Be2 Nxc1 13. Qa4+ Nd7 14.
Raxc1 Bd6 15. c4 Qc6 16. Qd1 Bf4 17. Bf3 Qd6 18. cxd5 exd5 19. Re1+ Kf8 20.
g3 Bh6 21. Rc2 Nf6 22. Nb1 g6 23. Nc3 Kg7 24. Re5 Rhd8 25. Rce2 Rac8 26.
Kg2 Qa6 27. Qb3 Qc4 28. Re7 Qxb3 29. axb3 Rb8 30. Rc7 Re8 31. Re5 Bc1 32.
Bxd5 Nxd5 33. Rxd5 Rec8 34. Rxc8 Rxc8 35. Rd7 Bxb2 36. Ne4 Rb8 37. Ng5 a5
38. Nxf7 Kf8 39. Ng5 b5 40. d5 a4 41. bxa4 Ke8 42. Rc7 bxa4 43. d6 Rb6 44.
Re7+ 1-0

[Event "21st Delhi Open 2025"]
[Site "New Delhi IND"]
[Date "2025.06.14"]
[Round "10.4"]
[White "Tologon tegin, Semetei"]
[Black "Karthik Venkataraman"]
[Result "1/2-1/2"]
[WhiteTitle "IM"]
[BlackTitle "GM"]
[WhiteElo "2322"]
[BlackElo "2550"]
[EventDate "2025.06.07"]

1. d4 Nf6 2. Nf3 d5 3. Bg5 Ne4 4. Bh4 h5 5. Nfd2 Nd6 6. f3 Nc6 7. c3 Nf5 8.
Bf2 e5 9. e4 dxe4 10. fxe4 Nfe7 11. Qa4 Bd7 12. Qb3 Na5 13. Qc2 Ng6 14. b4
Nc6 15. d5 Nb8 16. Nb3 h4 17. N1d2 Nf4 18. O-O-O b6 19. Kb2 Qf6 20. Nc4 Bd6
21. Rg1 h3 22. g3 Nh5 23. Be3 Qg6 24. Bd3 Nf6 25. Rgf1 Ng4 26. Bg1 O-O 27.
Be2 Nf6 28. Bd3 Bg4 29. Rde1 Nbd7 30. Ne3 a5 31. a3 Rfc8 32. Nxg4 Nxg4 33.
Bb5 Nf8 34. Qe2 axb4 35. axb4 Nf6 36. Bc6 Rab8 37. Nd2 N8h7 38. Rf5 Ng5 39.
Ref1 Rf8 40. Qe3 Nfh7 41. Nf3 f6 42. Nxg5 Nxg5 43. Qd3 Rfd8 44. Be3 Nf7 45.
g4 Bf8 46. g5 Nd6 47. Rg1 Nxf5 48. exf5 Qh5 49. g6 Bd6 50. Bd2 Kf8 51. Qe4
Ke7 52. Rg4 Ra8 53. Bxa8 Rxa8 54. Bc1 Qh8 55. Rh4 Qe8 56. Qc2 Qb5 57. Rh7
Qa6 58. Rxg7+ Kf8 59. Rf7+ Kg8 60. Qb1 Qe2+ 61. Kb3 Qd1+ 62. Kb2 Qe2+ 63.
Kb3 Bf8 64. Rxc7 Qd1+ 65. Kb2 Qxd5 66. Rh7 Qg2+ 67. Kb3 Qd5+ 68. Kb2 b5 69.
Rh4 Qg2+ 70. Kb3 Qd5+ 71. Kb2 Ra6 72. Re4 Ra8 1/2-1/2

[Event "21st Delhi Open 2025"]
[Site "New Delhi IND"]
[Date "2025.06.14"]
[Round "10.6"]
[White "Paichadze, Luka"]
[Black "Neelash Saha"]
[Result "1/2-1/2"]
[WhiteTitle "GM"]
[BlackTitle "IM"]
[WhiteElo "2529"]
[BlackElo "2456"]
[EventDate "2025.06.07"]

1. e4 c6 2. Nf3 d5 3. exd5 cxd5 4. Ne5 Nf6 5. d4 e6 6. Nd2 Nc6 7. Bb5 Bd7
8. Bxc6 Bxc6 9. O-O Nd7 10. Ndf3 Nxe5 11. Nxe5 Bd6 12. Qg4 Qf6 13. Bg5 Qf5
14. Qxf5 exf5 15. Rfe1 Bxe5 16. Rxe5+ Kf8 17. Be7+ Kg8 18. Rae1 f6 19. Rxf5
Kf7 20. Rf3 Rhe8 21. Rfe3 a6 22. b3 b5 23. f3 Bd7 24. g4 Rac8 25. c3 Rc6
26. Kf2 Re6 27. Rxe6 Bxe6 28. Bd6 Rd8 29. Bc5 h5 30. gxh5 Rh8 31. Bd6 Rxh5
32. Ra1 Bd7 33. Re1 Be6 34. a4 bxa4 35. bxa4 Rh8 36. Rb1 Bd7 37. Rb7 Ke6
38. Rb6 Bxa4 39. Rxa6 Bb5 40. Rb6 Bc4 41. Kg3 Kf5 42. Rb7 g5 43. Re7 Bb5
44. Rb7 Bc4 45. Re7 Bb5 46. Rc7 Re8 47. Re7 Rxe7 48. Bxe7 Bc4 1/2-1/2

[Event "21st Delhi Open 2025"]
[Site "New Delhi IND"]
[Date "2025.06.14"]
[Round "10.7"]
[White "Nguyen, Duc Hoa"]
[Black "Sivuk, Vitaly"]
[Result "1-0"]
[WhiteTitle "GM"]
[BlackTitle "GM"]
[WhiteElo "2378"]
[BlackElo "2522"]
[EventDate "2025.06.07"]

1. Nf3 Nf6 2. c4 g6 3. g3 Bg7 4. d4 c6 5. Bg2 O-O 6. O-O d5 7. cxd5 cxd5 8.
Ne5 Bf5 9. Nc3 Ne4 10. Bf4 Nxc3 11. bxc3 Nc6 12. Nxc6 bxc6 13. Qa4 e6 14.
Rfd1 Qb6 15. e4 dxe4 16. Rab1 Qd8 17. Rb7 a5 18. c4 Rc8 19. c5 Bg4 20. Rd2
Bf3 21. Bxf3 exf3 22. Bd6 Re8 23. Rd3 Bf8 24. Rxf3 Bxd6 25. cxd6 Rf8 26.
Qa3 Qg5 27. Ra7 Rb8 28. Kg2 Rb5 29. d7 Rd5 30. Rc7 f5 31. Rb3 Rd8 32. Rb8
Rxd7 33. Rxd7 Rxb8 34. Qd6 Re8 35. Qe5 Qh6 36. Qxa5 g5 37. Qe5 Rf8 38. Re7
Qf6 39. Re8 Qf7 40. Rxe6 Rd8 41. a4 h5 42. a5 h4 43. Re7 Qg6 44. a6 f4 45.
a7 hxg3 46. hxg3 Rf8 47. Qe6+ Qxe6 48. Rxe6 1-0

[Event "21st Delhi Open 2025"]
[Site "New Delhi IND"]
[Date "2025.06.14"]
[Round "10.8"]
[White "Nitin, S."]
[Black "Nikitenko, Mihail"]
[Result "0-1"]
[WhiteTitle "IM"]
[BlackTitle "GM"]
[WhiteElo "2312"]
[BlackElo "2520"]
[EventDate "2025.06.07"]

1. e4 c6 2. Nc3 d5 3. Qe2 d4 4. Nd1 e5 5. d3 Bd6 6. g3 Ne7 7. Bg2 Be6 8. f4
f6 9. Nf3 Nd7 10. O-O Qb6 11. Nf2 O-O-O 12. a4 c5 13. a5 Qc7 14. Bh3 Bxh3
15. Nxh3 Nc6 16. Bd2 Rde8 17. fxe5 Ncxe5 18. Nf4 Qc6 19. Nxe5 Nxe5 20. c3
Kb8 21. Rac1 Qb5 22. c4 Qd7 23. b4 h5 24. bxc5 Bxc5 25. Rb1 Qg4 26. Rb5
Qxe2 27. Nxe2 Nxd3 28. Nf4 a6 29. Nxd3 axb5 30. Nxc5 bxc4 31. Rb1 Ka8 32.
a6 b5 33. Rxb5 c3 34. Bf4 g5 35. Bd6 Rd8 36. e5 fxe5 37. Bxe5 Rd5 38. Bxh8
c2 39. Nd3 Rxb5 40. Bf6 Rb1+ 41. Kf2 Rd1 0-1

[Event "21st Delhi Open 2025"]
[Site "New Delhi IND"]
[Date "2025.06.14"]
[Round "10.9"]
[White "Deepan Chakkravarthy J."]
[Black "Nguyen Van Huy"]
[Result "1/2-1/2"]
[WhiteTitle "GM"]
[BlackTitle "GM"]
[WhiteElo "2410"]
[BlackElo "2337"]
[EventDate "2025.06.07"]

1. e4 c6 2. d4 d5 3. e5 Bf5 4. Nf3 e6 5. Be2 Nd7 6. O-O h6 7. Nbd2 Ne7 8.
Nb3 Bh7 9. a4 Ng6 10. a5 Be7 11. Re1 O-O 12. g3 c5 13. h4 cxd4 14. Bd3 Qc7
15. Nbxd4 a6 16. Qe2 Bc5 17. c3 Rfc8 18. h5 Ngf8 19. Bxh7+ Nxh7 20. Kg2 Ba7
21. Bf4 Qc4 22. Qd1 Rab8 23. Re2 Bxd4 24. Nxd4 b5 25. axb6 Rxb6 26. b3 Qc7
27. Rea2 Qb7 28. Qg4 Kh8 29. Qe2 Nb8 30. Bd2 Nf8 31. Qf3 Kg8 32. Qg4 Kh8
33. Qf3 Kg8 34. Qg4 Kh8 1/2-1/2

[Event "21st Delhi Open 2025"]
[Site "New Delhi IND"]
[Date "2025.06.14"]
[Round "10.10"]
[White "Pantsulaia, Levan"]
[Black "Saravana, Krishnan P."]
[Result "0-1"]
[WhiteTitle "GM"]
[BlackTitle "IM"]
[WhiteElo "2551"]
[BlackElo "2272"]
[EventDate "2025.06.07"]

1. c4 e5 2. Nc3 Nf6 3. Nf3 Nc6 4. e4 d6 5. h3 g6 6. g3 Bg7 7. Bg2 O-O 8. d3
a5 9. Be3 Nd7 10. d4 exd4 11. Nxd4 Nxd4 12. Bxd4 Ne5 13. Rc1 c5 14. Bxe5
Bxe5 15. O-O f5 16. exf5 Bxf5 17. Kh2 Qf6 18. Qd2 Qg7 19. b3 g5 20. Nb5
Rad8 21. Rcd1 Kh8 22. Qxa5 h5 23. Qb6 Rd7 24. Rfe1 Bg6 25. Kg1 h4 26. g4
Qf6 27. Re2 Qf4 28. Rdd2 Rdf7 29. Qa5 b6 30. Qxb6 Qh2+ 31. Kf1 Bg3 32. Nxd6
Rxf2+ 33. Rxf2 Bd3+ 0-1

[Event "21st Delhi Open 2025"]
[Site "New Delhi IND"]
[Date "2025.06.14"]
[Round "10.11"]
[White "Gochelashvili, David"]
[Black "Davtyan, Arsen"]
[Result "0-1"]
[WhiteTitle "IM"]
[BlackTitle "IM"]
[WhiteElo "2303"]
[BlackElo "2402"]
[EventDate "2025.06.07"]

1. e4 e5 2. Nf3 Nc6 3. Bc4 Nf6 4. d3 h6 5. c3 d6 6. Nbd2 g6 7. Nf1 Bg7 8.
Ng3 O-O 9. O-O Na5 10. Bb5 a6 11. Ba4 b5 12. Bc2 c5 13. b4 cxb4 14. cxb4
Nc6 15. a3 d5 16. Bb2 d4 17. Bb3 Qd6 18. Rc1 Be6 19. Bxe6 Qxe6 20. Nd2 h5
21. Nb3 Nd7 22. f4 exf4 23. Ne2 Qd6 24. Nxf4 Nb6 25. Nc5 Ra7 26. Rc2 Ne5
27. h3 Rd8 28. Kh1 Nc6 29. Qe1 Rc8 30. Qf2 a5 31. bxa5 Nxa5 32. Rfc1 Rac7
33. Qd2 Nac4 34. dxc4 Nxc4 35. e5 Bxe5 36. Ne4 Nxd2 37. Nxd6 Bxd6 38. Rxc7
Rxc7 39. Rxc7 Bxc7 40. Nd5 Be5 41. Ne7+ Kf8 42. Nc6 Nc4 43. Bxd4 Bxd4 44.
Nxd4 Nxa3 45. g4 hxg4 46. hxg4 Ke7 47. Kg2 Kd6 48. Kf3 Kd5 49. Nb3 g5 50.
Nd2 Nc4 0-1

[Event "21st Delhi Open 2025"]
[Site "New Delhi IND"]
[Date "2025.06.14"]
[Round "10.12"]
[White "Karthikeyan, P."]
[Black "Harsh Suresh"]
[Result "1/2-1/2"]
[WhiteTitle "GM"]
[BlackTitle "IM"]
[WhiteElo "2271"]
[BlackElo "2392"]
[EventDate "2025.06.07"]

1. d4 d5 2. Nf3 e6 3. Bf4 c5 4. e3 Nf6 5. Nbd2 Qb6 6. Rb1 cxd4 7. exd4 Bd7
8. Be5 Be7 9. c4 dxc4 10. Nxc4 Qd8 11. Nd6+ Bxd6 12. Bxd6 Ne4 13. Bb4 Qb6
14. a3 Nc6 15. Bc3 Ne7 16. Bd3 Nf6 17. a4 Bc6 18. Ne5 O-O 19. O-O Ng6 20.
a5 Qd8 21. Nxc6 bxc6 22. g3 Nd5 23. Qa4 Rc8 24. Be4 Qd6 25. Bd2 Rfd8 26.
Rfd1 Nge7 27. Be1 Nf5 28. Bg2 Rc7 29. Rbc1 Rb8 30. Bc3 h6 1/2-1/2